Perc̕ias de engenharia A apuraȯ̂ dos fatos /

Bibliographic Details
Main Author: Feigelson Deutsch, Simone
Format: eBook
Published: Sô Paulo: LEUD, 2013.
Subjects:
Online Access:Acceso restringido

MARC

LEADER 00000nam a22000007a 4500
005 20161020175517.0
007 cr|||| ||u|
008 161020s2013 Bl |||||o|||| 001 0 Por d
020 |a 978-85-7456-291-9 
035 |a 14411 
040 |a vLex 
090 |c 6312  |d 6312 
100 1 |a Feigelson Deutsch, Simone  
245 1 |a Perc̕ias de engenharia  |h [Recurso electrn̤ico] :  |b A apuraȯ̂ dos fatos /  |c Simone Feigelson Deutsch. 
256 |a Servicio en ln̕ea 
260 |a Sô Paulo:  |b LEUD,  |c 2013. 
300 |a 1 Recurso electrn̤ico 
506 1 |a Disponible en los productos indicados  |d vLex Global  |d vLex Global (Academic Edition, excluding Law Schools)  |d vLex Global (U.S. Academic Edition, Law Schools)  |d vLex Global (U.S. Academic Edition, excluding Law Schools)  |d vLex Global (Academic Edition, Law Schools) 
650 0 4 |a Derecho civil  |z Brasil 
650 0 4 |a Medio ambiente  |z Brasil 
740 0 |a vLex libros (servicio en ln̕ea) 
856 4 0 |u http://vlex.com/source/pericias-de-engenharia-a-apura-o-dos-fatos-14411  |z Acceso restringido 
942 |c BOOK 
999 0 |a Civil law